La crisis política y las luchas populares en Guatemala

সংরক্ষণ করুন:
গ্রন্থ-পঞ্জীর বিবরন
সংস্থা লেখক: Frente Democrático contra la Represión (Guatemala)
বিন্যাস: পাঠ‍্য
প্রকাশিত: La Catalina, Heredia: CEDAL
ট্যাগগুলো: ট্যাগ যুক্ত করুন
কোনো ট্যাগ নেই, প্রথমজন হিসাবে ট্যাগ করুন!

MARC

LEADER 00000 a a2200000 04500
001 15498
003
040
090 |a 020500  
110 |a Frente Democrático contra la Represión (Guatemala)  
245 |a La crisis política y las luchas populares en Guatemala  
260 |a La Catalina, Heredia:   |b CEDAL  
300 |a 14 p.  
999 |c 5675  |d 5675